000 00352nam a2200109 4500
008 180209b xxu||||| |||| 00| 0 eng d
245 _aChina to push for greater cooperation on graft, terrorism at Interpol meeting.
260 _aPhilippines:
_bManila Bulletin,
_cc2017.
300 _apage 4.
650 0 _926283
_aInternational relation.
942 _2ddc
_cPER
999 _c8510
_d8510